000 00617nam a2200229Ia 4500
003 OSt
005 20220923230527.0
006 a|||||r|||| 00| 0
007 ta
008 Pun
024 _a282,766
037 _cTextual
040 _aARTS
_cARTS
_bPun
041 _2Pun
_aPun
082 _aO153,3NGU7,LD, N1
100 _aਗੁਪਤਾ, ਅFਵਨੀ
_9169036
245 0 _aਲਹੂ ਡੁਲ੍ਹਦਾ ਰਿਹਾ
260 _c1991
650 _aਪੰਜਾਬੀ ਸਾਹਿਤ
942 _hO153,3NGU7,LD, N1
_cTEXL
_2CC
999 _c385460
_d385460